Word Ladder: Best Picture, 1977 & 1978 Quiz Stats

 Plays Quiz Updated May 28, 2015

Challenge
Share
Tweet
Embed
Score 0/32 Timer 03:00
4 Plays Today
Hint 4-Letter Word % Correct
Fish respiratory organGILL
97.8%
Raised area, not as high as mountainHILL
97.6%
★★ 1977 Best Picture: Annie ____ ★★HALL
95.3%
Perceive sound with the earHEAR
94.5%
Apple centerCORE
93.9%
Bench or chairSEAT
93.5%
★ 1978 Nominee: Coming ____HOME
91.7%
Miami NBA teamHEAT
91.3%
★ 1978 Nominee: Heaven Can ____WAIT
90.9%
Wax with official insignia on documentSEAL
90.7%
Fish food on a hookBAIT
90.1%
Feel concern or interestCARE
90.1%
Scorch the surface SEAR
88.7%
Ernie's muppet friendBERT
87.8%
To move toward something COME
87.5%
★ 1977 Nominee: The Goodbye ____GIRL
87.3%
Hint 4-Letter Word % Correct
Dark red edible rootBEET
87%
Hops-flavored fermented beverageBEER
86.3%
Exchange wares for moneySELL
86.2%
'Immediately' in medical communitySTAT
86%
Game show emcee HOST
85.8%
Flexible water conduitHOSE
85.3%
Viral benign growth on the skinWART
84.8%
★★ 1978 Best Picture: The ____ Hunter ★★DEER
84%
Draft of proposed law BILL
83.3%
San Francisco heavy-rail public transitBART
82.6%
Large end of trumpet or tromboneBELL
80.2%
★ 1977 Nominee: ____ [Rung 24] ★STAR
80.1%
2006 Pixar-Disney filmCARS
79.7%
Command, precept (archaic)HEST
75.5%
★ 1977 Nominee: [Rung 12] ____WARS
74.1%
Spin floating log with feetBIRL
71.6%

Today's Daily Dose

You're not logged in!

Compare scores with friends on all Sporcle quizzes.
Join for Free
OR
Log In

You Might Also Like...

Show Comments

Extras

Top Quizzes Today


Score Distribution

Your Account Isn't Verified!

In order to create a playlist on Sporcle, you need to verify the email address you used during registration. Go to your Sporcle Settings to finish the process.

Report this User

Report this user for behavior that violates our Community Guidelines.

Details: